000
00317nam a22001457a 4500
003
SGT
020
_a
9781733989633
082
_a
808.23
_b
CAL
100
_a
CALHOUN GEOFFREY D
245
_a
THE GUIDE FOR EVERY SCREENWRITER
260
_a
VSA
_c
2019
_b
FLOR PUB.
300
_a
117
650
_a
BJMC
942
_2
ddc
_c
BK
999
_c
32128
_d
32128